Landslide : (Record no. 591017)

000 -LEADER
fixed length control field 03962cam a2200649 i 4500
001 - CONTROL NUMBER
control field 22108044
003 - CONTROL NUMBER IDENTIFIER
control field NUST
005 - DATE AND TIME OF LATEST TRANSACTION
control field 20220825160833.0
008 - FIXED-LENGTH DATA ELEMENTS--GENERAL INFORMATION
fixed length control field 210630s2021 nyu 000 0deng d
010 ## - LIBRARY OF CONGRESS CONTROL NUMBER
LC control number 2021942244
020 ## - INTERNATIONAL STANDARD BOOK NUMBER
International Standard Book Number 9781250830012
Qualifying information (hardcover)
020 ## - INTERNATIONAL STANDARD BOOK NUMBER
International Standard Book Number 125083001X
Qualifying information (hardcover)
035 ## - SYSTEM CONTROL NUMBER
System control number (OCoLC)on1259336870
038 ## - RECORD CONTENT LICENSOR
Staff Name Azhar
040 ## - CATALOGING SOURCE
Original cataloging agency IG$
Language of cataloging eng
Transcribing agency IG$
Description conventions rda
Modifying agency OCLCO
-- IH9
-- HBP
-- ILC
-- CLE
-- VP@
-- YDX
-- SINLB
-- CGB
-- TCH
-- UAP
-- DLC
042 ## - AUTHENTICATION CODE
Authentication code lccopycat
043 ## - GEOGRAPHIC AREA CODE
Geographic area code n-us---
050 00 - LIBRARY OF CONGRESS CALL NUMBER
Classification number E912
Item number .W6525 2021
082 04 - DEWEY DECIMAL CLASSIFICATION NUMBER
Classification number 973.933
Author Mark WOL
100 1# - MAIN ENTRY--PERSONAL NAME
Personal name Wolff, Michael,
Dates associated with a name 1953-
Relator term author.
9 (RLIN) 97297
245 10 - TITLE STATEMENT
Title Landslide :
Remainder of title the final days of the Trump White House
Statement of responsibility, etc. Michael Wolff.
246 3# - VARYING FORM OF TITLE
Title proper/short title Land-slide :
Remainder of title the final days of the Trump White House
246 30 - VARYING FORM OF TITLE
Title proper/short title Final days of the Trump White House
246 30 - VARYING FORM OF TITLE
Title proper/short title Trump White House
246 1# - VARYING FORM OF TITLE
Display text Title on jacket :
Title proper/short title Landslide : the final days of the Trump presidency
246 38 - VARYING FORM OF TITLE
Title proper/short title Landslide
250 ## - EDITION STATEMENT
Edition statement First edition.
260 ## - PUBLICATION, DISTRIBUTION, ETC.
Place of publication, distribution, etc. New York :
Name of publisher, distributor, etc. Henry Holt and Company,
Date of publication, distribution, etc. 2021
300 ## - PHYSICAL DESCRIPTION
Extent xvi, 312 pages ;
Dimensions 25 cm
336 ## - CONTENT TYPE
Content type term text
Content type code txt
Source rdacontent
337 ## - MEDIA TYPE
Media type term unmediated
Media type code n
Source rdamedia
338 ## - CARRIER TYPE
Carrier type term volume
Carrier type code nc
Source rdacarrier
505 0# - FORMATTED CONTENTS NOTE
Formatted contents note Introduction -- Prologue. The trial -- Death star -- Election night -- New votes -- Rudy -- What's black is white -- Where now? -- The endgame -- The day before -- Morning, January 6 -- The remainder of the day, January 6 -- Deplatformed -- Redux -- Epilogue. The road to Mar-a-Lago.
520 ## - SUMMARY, ETC.
Summary, etc. "The story of Trump's ... last months at the helm of the country, based on [the author's] ... access to White House aides and to the former president himself, yielding a wealth of new information and insights about what really happened inside the highest office in the land, and the world"--
Assigning source Provided by publisher.
520 ## - SUMMARY, ETC.
Summary, etc. Wolff embedded himself in the White House in 2017 and his top-level access gave us a vivid picture of the chaos that had descended on Washington. In 2021 he found the Oval Office even more chaotic and bizarre. At all times of the day Trump, behind the Resolute desk, was surrounded by schemers and unqualified sycophants who spoon-feed him the "alternative facts" he hungered to hear about COVID-19, Black Lives Matter protests, and, most of all, his chance of winning reelection. As Trump entertained the idea of martial law and balked at calling off the insurrectionist mob that threatens the institution of democracy itself, we witness the desperation, duplicity, and delusion that was unfolding within the West Wing. -- adapted from jacket
600 10 - SUBJECT ADDED ENTRY--PERSONAL NAME
Personal name Trump, Donald,
Dates associated with a name 1946-
9 (RLIN) 93769
600 17 - SUBJECT ADDED ENTRY--PERSONAL NAME
Personal name Trump, Donald,
Dates associated with a name 1946-
Source of heading or term fast
Authority record control number or standard number (OCoLC)fst00174117
9 (RLIN) 93769
650 #0 - SUBJECT ADDED ENTRY--TOPICAL TERM
Topical term or geographic name entry element Presidents
Geographic subdivision United States
General subdivision Election
Chronological subdivision 2020.
9 (RLIN) 97298
650 #0 - SUBJECT ADDED ENTRY--TOPICAL TERM
Topical term or geographic name entry element Presidents
Geographic subdivision United States
General subdivision Psychology.
9 (RLIN) 97299
650 #0 - SUBJECT ADDED ENTRY--TOPICAL TERM
Topical term or geographic name entry element Presidents
Geographic subdivision United States
General subdivision Staff.
9 (RLIN) 97300
650 #0 - SUBJECT ADDED ENTRY--TOPICAL TERM
Topical term or geographic name entry element Presidents
Geographic subdivision United States
General subdivision Friends and associates.
9 (RLIN) 97301
650 #7 - SUBJECT ADDED ENTRY--TOPICAL TERM
Topical term or geographic name entry element POLITICAL SCIENCE / American Government / Executive Branch.
Source of heading or term bisacsh
9 (RLIN) 97302
650 #7 - SUBJECT ADDED ENTRY--TOPICAL TERM
Topical term or geographic name entry element POLITICAL SCIENCE / American Government / National.
Source of heading or term bisacsh
9 (RLIN) 93842
650 #7 - SUBJECT ADDED ENTRY--TOPICAL TERM
Topical term or geographic name entry element BIOGRAPHY & AUTOBIOGRAPHY / Presidents & Heads of State.
Source of heading or term bisacsh
9 (RLIN) 97303
650 #7 - SUBJECT ADDED ENTRY--TOPICAL TERM
Topical term or geographic name entry element Friendship.
Source of heading or term fast
Authority record control number or standard number (OCoLC)fst00935174
9 (RLIN) 10263
650 #7 - SUBJECT ADDED ENTRY--TOPICAL TERM
Topical term or geographic name entry element Politics and government.
Source of heading or term fast
Authority record control number or standard number (OCoLC)fst01919741
9 (RLIN) 1501
650 #7 - SUBJECT ADDED ENTRY--TOPICAL TERM
Topical term or geographic name entry element Presidents
General subdivision Election.
Source of heading or term fast
Authority record control number or standard number (OCoLC)fst01075747
9 (RLIN) 97304
650 #7 - SUBJECT ADDED ENTRY--TOPICAL TERM
Topical term or geographic name entry element Presidents
General subdivision Psychology.
Source of heading or term fast
Authority record control number or standard number (OCoLC)fst01075795
9 (RLIN) 97305
650 #7 - SUBJECT ADDED ENTRY--TOPICAL TERM
Topical term or geographic name entry element Presidents
General subdivision Staff.
Source of heading or term fast
Authority record control number or standard number (OCoLC)fst01075812
9 (RLIN) 97306
651 #0 - SUBJECT ADDED ENTRY--GEOGRAPHIC NAME
Geographic name United States
General subdivision Politics and government
Chronological subdivision 2017-2021.
9 (RLIN) 97307
651 #7 - SUBJECT ADDED ENTRY--GEOGRAPHIC NAME
Geographic name United States.
Source of heading or term fast
Authority record control number or standard number (OCoLC)fst01204155
655 #7 - INDEX TERM--GENRE/FORM
Genre/form data or focus term Biographies.
Source of term lcgft
9 (RLIN) 33106
906 ## - LOCAL DATA ELEMENT F, LDF (RLIN)
a 7
b cbc
c copycat
d 2
e ncip
f 20
g y-gencatlg
942 ## - ADDED ENTRY ELEMENTS (KOHA)
Source of classification or shelving scheme
Koha item type Lincoln Corner
Holdings
Withdrawn status Lost status Source of classification or shelving scheme Damaged status Not for loan Permanent Location Current Location Shelving location Date acquired Full call number Barcode Date last seen Price effective from Koha item type
          Central Library (CL) Central Library (CL) Lincoln Corner 08/15/2022 973.933 WOL LC-343 08/15/2022 08/15/2022 Reference
© 2023 Central Library, National University of Sciences and Technology. All Rights Reserved.